| 000 | 00405nam a2200145Ia 4500 | ||
|---|---|---|---|
| 008 | 130318s9999 xx 000 0 und d | ||
| 020 | _a9789350041598 | ||
| 082 | _a004.62 MIL/T.1 | ||
| 100 | _aMiller, Philip M | ||
| 245 | _aTCP/IP: The ultimate protocol guide data delivery and routing. Vol 1 | ||
| 260 |
_bDreamtech _aNew Delhi _c2011 |
||
| 300 | _a529 | ||
| 650 | _aINTERNET PROTOCOL | ||
| 650 | _aTCP/IP | ||
| 999 |
_c2399 _d2399 |
||